Văn học lãng mạn Việt Nam (1930 - 1945)

Lịch sử phong trào "Thơ mới" lãng mạn 1932-1945. Quan điểm mỹ học, mặt tích cực và tiến bộ của phong trào "thơ mới". Nghệ thuật của phong trào "thơ mới' lãng mạn. Văn xuôi lãng mạn Việt Nam. Tự lực văn đoàn - con ngươ...

Täydet tiedot

Tallennettuna:
Bibliografiset tiedot
Päätekijä: Phan, Cự Đệ
Aineistotyyppi: Kirja
Kieli:Undetermined
Julkaistu: H. Giáo dục 1999
Aiheet:
Linkit:http://lrc.tdmu.edu.vn/opac/search/detail.asp?aID=2&ID=6742
Tagit: Lisää tagi
Ei tageja, Lisää ensimmäinen tagi!
Thư viện lưu trữ: Trung tâm Học liệu Trường Đại học Thủ Dầu Một
LEADER 01094nam a2200205Ia 4500
001 TDMU_6742
008 210410s9999 xx 000 0 und d
082 |a 895.922 432 
090 |b PH105 
100 |a Phan, Cự Đệ 
245 0 |a Văn học lãng mạn Việt Nam (1930 - 1945) 
245 0 |c Phan Cự Đệ 
260 |a H. 
260 |b Giáo dục 
260 |c 1999 
300 |a 471tr 
520 |a Lịch sử phong trào "Thơ mới" lãng mạn 1932-1945. Quan điểm mỹ học, mặt tích cực và tiến bộ của phong trào "thơ mới". Nghệ thuật của phong trào "thơ mới' lãng mạn. Văn xuôi lãng mạn Việt Nam. Tự lực văn đoàn - con người và văn chương; NV Văn học Việt Nam hiện đại 1 (1900 - 1945) 
650 |a Nghiên cứu văn học; Thơ mới; Tự lực văn đoàn; Văn học lãng mạn 
856 |u http://lrc.tdmu.edu.vn/opac/search/detail.asp?aID=2&ID=6742 
980 |a Trung tâm Học liệu Trường Đại học Thủ Dầu Một